书目信息 |
| 题名: |
调制
|
|
| 作者: | Connor , 康纳 著 ;郭书勤 译 | |
| 分册: | ||
| 出版信息: | 北京 科学出版社 1982 |
|
| 页数: | 117页 | |
| 开本: | 19cm | |
| 丛书名: | ||
| 单 册: | ||
| 中图分类: | TN761 | |
| 科图分类: | ||
| 主题词: | 调制器 | |
| 电子资源: | ||
| ISBN: | ||
| 000 | 00690nam0 2200265 45 | |
| 001 | 0182006869 | |
| 005 | 20060727164635.65 | |
| 010 | @dCNY0.52 | |
| 091 | @a15031.437 | |
| 100 | @a19950522d1982 em y0chiy0121 ea | |
| 101 | 1 | @achi@ceng |
| 102 | @aCN@b110000 | |
| 105 | @ay z 000yy | |
| 200 | 10 | @a调制@Adiao zhi@f(英)康纳(F.R. Connor)著@g郭书勤译 |
| 210 | @a北京@c科学出版社@d1982 | |
| 215 | @a117页@d19cm | |
| 300 | @a书名原文:Modulation | |
| 510 | 1 | @aModulation@zeng |
| 606 | @a调制器 | |
| 690 | @aTN761@v3 | |
| 701 | A1 | @aConnor@bF.R.@4著 |
| 701 | 1 | @a康纳@Akang na@4著 |
| 702 | 0 | @a郭书勤@Aguo shu qin@4译 |
| 801 | 0 | @aCN@bTSSF@c20060727 |
| 905 | @a10447@dTN761@e42 | |
| 调制/(英)康纳(F.R. Connor)著/郭书勤译.-北京:科学出版社,1982 |
| 117页;19cm |
| 书名原文:Modulation |
| ISBN :CNY0.52 |
| ● |
| 相关链接 |
|
|
|
|
正题名:调制
索取号:TN761/42
 
预约/预借
| 序号 | 登录号 | 条形码 | 馆藏地/架位号 | 状态 | 备注 |
| 1 | 0432190 | 204321901 | 密集书库/ [索取号:TN761/42] | 在馆 | |
| 2 | 0437376 | 204373766 | 密集书库/ [索取号:TN761/42] | 在馆 | |
| 3 | 0437539 | 204375390 | 密集书库/ [索取号:TN761/42] | 在馆 | |
| 4 | 0438848 | 204388484 | 密集书库/ [索取号:TN761/42] | 在馆 | |
| 5 | 0438849 | 204388493 | 密集书库/ [索取号:TN761/42] | 在馆 | |
| 6 | 0438850 | 204388509 | 密集书库/ [索取号:TN761/42] | 在馆 |